00465nam a2200193Ia 4500008004100000020001800041050001400059100001600073245002200089245003300111260001500144260001600159260000900175300001400184300002700198300001000225440002900235500000700264170918s9999 xx 000 0 und d a9780545498746 bD916 2011 aDungy, Tony aRuby's new home / cTony Dungy and Lauren Dungy. aNew York : bScholastic, c2011 aunpaged : bcolored illustration ; c23cm. aReady to read level two. a80